| 000 | 00664nam a2200241Ia 4500 | ||
|---|---|---|---|
| 003 | OSt | ||
| 005 | 20221005101722.0 | ||
| 006 | a|||||r|||| 00| 0 | ||
| 007 | ta | ||
| 008 | 221004b |||||||| |||| 00| 0 mal d | ||
| 024 | _a53109 | ||
| 037 | _cTextual | ||
| 040 |
_aCRL _cCRL _bmal |
||
| 041 |
_2mal _amal |
||
| 082 | _aND212,M, 32M1 | ||
| 100 |
_aNair N Chandrasekharan Au. _9622564 |
||
| 245 | 0 | _aKeralathile kalakal | |
| 260 |
_aTrivandrum _bSreeniketan prakashan India _c1981 |
||
| 650 |
_a SCULPTURE _942083 |
||
| 650 | _aARTS | ||
| 942 |
_hND212,M, 32M1 _cTEXL _2cc |
||
| 999 |
_c1007298 _d1007298 |
||